[Event "Biella Vercelli Province-ch"]
[Site "Biella"]
[Date "2015.03.06"]
[Round "1"]
[White "Cognata, Domenico"]
[Black "Rocchi, Enrico"]
[Result "0-1"]
[WhiteElo "1470"]
[BlackElo "1881"]
[PlyCount "150"]
[EventDate "2015.03.06"]
[EventType "swiss"]
[EventRounds "5"]
[EventCountry "ITA"]
[SourceTitle "EXT 2017"]
[Source "ChessBase"]
[SourceDate "2016.10.25"]
[SourceVersion "1"]
[SourceVersionDate "2016.10.25"]
[SourceQuality "1"]

1. d4 Nf6 2. Nc3 d5 3. Bf4 e6 4. a3 c5 5. dxc5 Bxc5 6. e3 Nc6 7. Nf3 a6 8. Ne5 0-0 9. h3 Qe7 10. Bd3 Rd8 11. Qf3 Bd7 12. Qg3 Nh5 13. Nxc6 Bxc6 14. Qg5 Nxf4 15. Qxf4 e5 16. Qg3 e4 17. Bf1 d4 18. exd4 Bxd4 19. 0-0-0 Rd6 20. Bc4 Rg6 21. Qf4 Rf6 22. Qd2 Bxf2 23. Qe2 Re8 24. Bd5 e3 25. Ne4 Rf4 26. Bxc6 bxc6 27. Nxf2 Rxf2 28. Qxa6 Qe4 29. Qd3 Qxd3 30. cxd3 Rxg2 31. Rde1 Rf2 32. Rhg1 f5 33. Rgf1 Rxf1 34. Rxf1 e2 35. Re1 f4 36. Kd2 f3 37. a4 Rf8 38. Rc1 Rf4 39. Ke3 g5 40. a5 Kf8 41. a6 Rf7 42. Kf2 Re7 43. Ra1 Ra7 44. Kxf3 Rxa6 45. Re1 Rb6 46. Rxe2 Kf7 47. Ke4 Ke6 48. Kd4+ Kd6 49. Kc4 c5 50. b3 Rb4+ 51. Kc3 Rh4 52. Rg2 h6 53. Rg3 Ke5 54. Re3+ Kf5 55. Re8 Rxh3 56. Rc8 g4 57. Rxc5+ Kf4 58. Kd4 Rh1 59. Rc8 h5 60. b4 g3 61. Rf8+ Kg4 62. Rg8+ Kh3 63. b5 Rb1 64. Kc5 g2 65. b6 g1Q+ 66. Rxg1 Rxg1 67. d4 Kg4 68. b7 Rb1 69. Kc6 h4 70. d5 h3 71. Kc7 h2 72. b8Q Rxb8 73. Kxb8 h1Q 74. d6 Qc6 75. d7 Qxd7 0-1

[Event "Biella Province-ch"]
[Site "Valle Mosso"]
[Date "2012.03.02"]
[Round "1"]
[White "Rocchi, Enrico"]
[Black "Lavino, Stefano"]
[Result "1-0"]
[WhiteElo "1919"]
[BlackElo "1677"]
[PlyCount "143"]
[EventDate "2012.03.02"]
[EventType "swiss"]
[EventRounds "5"]
[EventCountry "ITA"]
[SourceTitle "EXT 2024"]
[Source "ChessBase"]
[SourceDate "2023.10.10"]
[SourceVersion "1"]
[SourceVersionDate "2023.10.10"]
[SourceQuality "1"]

1. e4 d5 2. exd5 Qxd5 3. Nc3 Qa5 4. d4 c6 5. Nf3 Bg4 6. Qd3 Nd7 7. h3 Bf5 8. Qe2 Ngf6 9. Bd2 Qc7 10. g3 e6 11. Bg2 Bd6 12. Be3 Ne4 13. Nxe4 Bxe4 14. Bg5 Bxf3 15. Qxf3 Qa5+ 16. Bd2 Qb6 17. 0-0-0 Nf6 18. Rhe1 0-0-0 19. Re3 Be7 20. Rb3 Qc7 21. Be3 Kb8 22. Kb1 Ka8 23. c4 Rhf8 24. Rc1 Qd7 25. Qe2 Rc8 26. Qe1 Qd8 27. c5 Nd5 28. Rc4 Bf6 29. Ra3 g5 30. Rca4 a6 31. Qd1 Rc7 32. Bd2 Qe7 33. Be3 Kb8 34. Qb3 Kc8 35. Bxd5 exd5 36. Qc2 Qe4 37. Qxe4 dxe4 38. Rc4 Rd8 39. Kc2 Rcd7 40. Kc3 h6 41. b4 Bg7 42. Rb3 f5 43. a4 f4 44. gxf4 gxf4 45. Bxf4 Bxd4+ 46. Kc2 Bxf2 47. Rxe4 h5 48. Bd6 h4 49. b5 Bxc5 50. Bxc5 Rd2+ 51. Kc3 a5 52. Rxh4 R2d3+ 53. Kc4 Rd1 54. bxc6 bxc6 55. Bb6 Rc1+ 56. Rc3 Rxc3+ 57. Kxc3 Rd6 58. Bxa5 Kb7 59. Bb4 Rd1 60. Rc4 Rh1 61. h4 Rh3+ 62. Kb2 Rh2+ 63. Kb3 Rh3+ 64. Bc3 Rf3 65. Kb4 Rf5 66. Rg4 Rh5 67. Bf6 Rf5 68. Bg5 Rf1 69. h5 Rb1+ 70. Ka5 Kc7 71. h6 Rf1 72. h7 1-0

[Event "Biella op 1st"]
[Site "Biella"]
[Date "2010.09.26"]
[Round "5"]
[White "Gemelli, Giovanni"]
[Black "Rocchi, Enrico"]
[Result "1-0"]
[WhiteElo "1500"]
[BlackElo "1966"]
[PlyCount "35"]
[EventDate "2010.09.24"]
[EventType "swiss"]
[EventRounds "5"]
[EventCountry "ITA"]
[SourceTitle "EXT 2024"]
[Source "ChessBase"]
[SourceDate "2023.10.10"]
[SourceVersion "1"]
[SourceVersionDate "2023.10.10"]
[SourceQuality "1"]

1. e4 e5 2. Nf3 Nc6 3. d4 exd4 4. Nxd4 Bc5 5. Be3 Qf6 6. c3 Nge7 7. Bc4 Ne5 8. Bb3 0-0 9. 0-0 Qg6 10. Nf5 Nxf5 11. exf5 Qb6 12. Bxc5 Qxc5 13. Nd2 d6 14. Ne4 Qb6 15. f6 g6 16. Qd2 Kh8 17. Qh6 Rg8 18. Ng5 1-0

[Event "Ivrea Eporediese op 26th"]
[Site "Ivrea"]
[Date "2009.03.05"]
[Round "8"]
[White "Rocchi, Enrico"]
[Black "Razzano, Lorenzo"]
[Result "0-1"]
[WhiteElo "1733"]
[BlackElo "1969"]
[PlyCount "50"]
[EventDate "2009.01.15"]
[EventType "swiss"]
[EventRounds "9"]
[EventCountry "ITA"]
[SourceTitle "EXT 2011"]
[Source "ChessBase"]
[SourceDate "2010.11.26"]
[SourceVersion "1"]
[SourceVersionDate "2010.11.26"]
[SourceQuality "1"]

1. e4 e5 2. Nf3 Nc6 3. d4 exd4 4. Bc4 Nf6 5. 0-0 Bc5 6. e5 d5 7. exf6 dxc4 8. Re1+ Be6 9. Ng5 Qd5 10. Nc3 Qf5 11. Nce4 0-0-0 12. g4 Qe5 13. Nxe6 fxe6 14. fxg7 Rhg8 15. Bh6 Bb6 16. Ng5 Qd5 17. Rxe6 d3 18. cxd3 cxd3 19. Qf3 Qd4 20. Re4 Qxb2 21. Rd1 Qxa2 22. Qf5+ Kb8 23. Ne6 Rde8 24. Bf4 Qxf2+ 25. Kh1 Qf3# 0-1

[Event "Ivrea Eporediese op 26th"]
[Site "Ivrea"]
[Date "2009.02.19"]
[Round "6"]
[White "Agostino, Pietro"]
[Black "Rocchi, Enrico"]
[Result "0-1"]
[WhiteElo "1413"]
[BlackElo "1733"]
[PlyCount "92"]
[EventDate "2009.01.15"]
[EventType "swiss"]
[EventRounds "9"]
[EventCountry "ITA"]
[SourceTitle "EXT 2011"]
[Source "ChessBase"]
[SourceDate "2010.11.26"]
[SourceVersion "1"]
[SourceVersionDate "2010.11.26"]
[SourceQuality "1"]

1. e4 e5 2. Nf3 Nc6 3. Bc4 Nf6 4. d3 Be7 5. Nc3 d6 6. h3 a6 7. a3 Bd7 8. Be3 h6 9. 0-0 0-0 10. Qd2 Be6 11. Ba2 Bxa2 12. Rxa2 d5 13. exd5 Nxd5 14. Nxd5 Qxd5 15. c4 Qe6 16. Re1 Rad8 17. Qc2 Qg6 18. Rd1 Rd7 19. Qe2 Rfd8 20. b4 Rxd3 21. Rxd3 Qxd3 22. Qxd3 Rxd3 23. b5 axb5 24. cxb5 Nd4 25. Nxe5 Rd1+ 26. Kh2 Bd6 27. f4 Nxb5 28. Nc4 Rd3 29. Nxd6 Nxd6 30. Bf2 Ne4 31. a4 Nxf2 32. Rxf2 Ra3 33. Re2 Rxa4 34. Re7 Rxf4 35. Rxc7 b5 36. Rb7 Rb4 37. Rb8+ Kh7 38. g3 Rb2+ 39. Kh1 b4 40. g4 Kg6 41. h4 f6 42. Rb5 b3 43. Kg1 Rb1+ 44. Kf2 b2 45. Ke2 Rg1 46. Rxb2 Rg2+ 0-1

[Event "Ivrea Eporediese op 26th"]
[Site "Ivrea"]
[Date "2009.01.29"]
[Round "3"]
[White "Giunto, Andrea"]
[Black "Rocchi, Enrico"]
[Result "1/2-1/2"]
[WhiteElo "1731"]
[BlackElo "1733"]
[PlyCount "62"]
[EventDate "2009.01.15"]
[EventType "swiss"]
[EventRounds "9"]
[EventCountry "ITA"]
[SourceTitle "EXT 2011"]
[Source "ChessBase"]
[SourceDate "2010.11.26"]
[SourceVersion "1"]
[SourceVersionDate "2010.11.26"]
[SourceQuality "1"]

1. e4 e5 2. Nf3 Nc6 3. d4 exd4 4. Nxd4 Bc5 5. Be3 Qf6 6. c3 Nge7 7. Bc4 Bb6 8. 0-0 d6 9. Re1 Ne5 10. Be2 N7g6 11. Nd2 Nf4 12. N2f3 Nxe2+ 13. Qxe2 Bg4 14. Kh1 h5 15. h3 0-0-0 16. Bg5 Qg6 17. Bxd8 Kxd8 18. Nxe5 dxe5 19. Nf3 Qf6 20. Rad1+ Kc8 21. Rd2 g5 22. c4 Ba5 23. Red1 Bxd2 24. Rxd2 Be6 25. Ng1 g4 26. Qd3 h4 27. b3 Qg6 28. Rd1 f5 29. exf5 Bxf5 30. Qe2 Rg8 31. Qf1 Qc6 1/2-1/2

[Event "Ivrea Eporediese op 26th"]
[Site "Ivrea"]
[Date "2009.01.15"]
[Round "1"]
[White "Castaldo, Folco"]
[Black "Rocchi, Enrico"]
[Result "1-0"]
[WhiteElo "2419"]
[BlackElo "1733"]
[PlyCount "43"]
[EventDate "2009.01.15"]
[EventType "swiss"]
[EventRounds "9"]
[EventCountry "ITA"]
[SourceTitle "EXT 2011"]
[Source "ChessBase"]
[SourceDate "2010.11.26"]
[SourceVersion "1"]
[SourceVersionDate "2010.11.26"]
[SourceQuality "1"]

1. d4 Nf6 2. Nf3 g6 3. Nc3 d5 4. Bf4 c6 5. e3 Bg7 6. Be2 Nbd7 7. Qd2 a6 8. Ne5 0-0 9. 0-0-0 Nxe5 10. Bxe5 Nd7 11. Bxg7 Kxg7 12. h4 e5 13. e4 dxe4 14. h5 Qf6 15. g3 Kg8 16. Nxe4 Qe7 17. hxg6 fxg6 18. Bc4+ Kh8 19. Ng5 h5 20. Ne6 Rf6 21. dxe5 Nxe5 22. Qh6+ 1-0